[Event "Catarinense-ch 59th"]
[Site "Joinville"]
[Date "2013.09.21"]
[Round "5"]
[White "Grellmann, Fabricio Stadler"]
[Black "Zimmermann, Kleber Renato P"]
[Result "0-1"]
[WhiteElo "2095"]
[BlackElo "1945"]
[PlyCount "86"]
[EventDate "2013.09.19"]
[EventType "swiss"]
[EventRounds "7"]
[EventCountry "BRA"]
[SourceTitle "CBM 156 Extra"]
[Source "ChessBase"]
[SourceDate "2013.10.22"]
[SourceVersion "1"]
[SourceVersionDate "2013.10.22"]
[SourceQuality "1"]

1. d4 Nf6 2. c4 c5 3. d5 b5 4. cxb5 a6 5. bxa6 g6 6. Nc3 Bxa6 7. g3 d6 8. Bg2 Bg7 9. Nh3 Nbd7 10. 0-0 0-0 11. Rb1 Qa5 12. Bd2 Rfb8 13. b3 Ne8 14. Qc2 Qd8 15. a4 Nc7 16. Rfe1 Ra7 17. Na2 Bb7 18. Nf4 Na6 19. Bc3 Bxc3 20. Qxc3 Bc8 21. h4 Ne5 22. Be4 Nb4 23. Nxb4 Rxb4 24. Bc2 Ba6 25. Kg2 h5 26. Nh3 Bb7 27. e4 Bc8 28. Nf4 Qa5 29. Qe3 Bg4 30. Nd3 Bf3+ 31. Kf1 Rxe4 32. Qxe4 Bxe4 33. Rxe4 Nf3 34. b4 cxb4 35. Ke2 Nd2 36. Kxd2 b3+ 37. Kc1 bxc2 38. Kxc2 Rc7+ 39. Kd1 Qxd5 40. Re3 e5 41. Rb5 Qa2 42. Nb2 Qb1+ 43. Ke2 Rc2+ 0-1

[Event "Fraiburgo Alvino Memorial 3rd"]
[Site "Fraiburgo"]
[Date "2013.07.21"]
[Round "5"]
[White "De Moraes, Maurino Anastacio"]
[Black "Grellmann, Fabricio Stadler"]
[Result "0-1"]
[WhiteElo "1698"]
[BlackElo "2090"]
[PlyCount "44"]
[EventDate "2013.07.19"]
[EventType "swiss"]
[EventRounds "6"]
[EventCountry "BRA"]
[SourceTitle "CBM 155 Extra"]
[Source "ChessBase"]
[SourceDate "2013.08.26"]
[SourceVersion "1"]
[SourceVersionDate "2013.08.26"]
[SourceQuality "1"]

1. e4 c5 2. Nf3 g6 3. Bc4 Nc6 4. 0-0 Bg7 5. c3 Qb6 6. Re1 e6 7. a4 Nge7 8. Na3 0-0 9. Nc2 d5 10. exd5 exd5 11. Bf1 Nf5 12. Ne3 d4 13. Nc4 Qc7 14. Rb1 Be6 15. b4 dxc3 16. bxc5 Rfd8 17. Qc2 Nfd4 18. Nxd4 Nxd4 19. Qe4 Bd5 20. Qe7 Rd7 21. Qe3 Nc2 22. Qe2 Bxc4 0-1

[Event "Parana-chT 55th"]
[Site "Maringa"]
[Date "2012.09.24"]
[Round "2.2"]
[White "Grellmann, Fabricio Stadler"]
[Black "Yano, William Jorge Froes"]
[Result "0-1"]
[WhiteElo "2099"]
[BlackElo "2123"]
[PlyCount "128"]
[EventDate "2012.09.24"]
[EventType "team-swiss"]
[EventRounds "7"]
[EventCountry "BRA"]
[SourceTitle "EXT 2014"]
[Source "ChessBase"]
[SourceDate "2013.11.20"]
[SourceVersion "1"]
[SourceVersionDate "2013.11.20"]
[SourceQuality "1"]
[WhiteTeam "Cascavel"]
[BlackTeam "Paranavai"]
[WhiteTeamCountry "BRA"]
[BlackTeamCountry "BRA"]

1. d4 Nf6 2. c4 c5 3. d5 e6 4. Nc3 exd5 5. cxd5 Bd6 6. Nf3 0-0 7. e4 Re8 8. Bd3 Bc7 9. 0-0 d6 10. h3 a6 11. a4 Ba5 12. Re1 Nbd7 13. Bg5 Qc7 14. Nd2 h6 15. Bh4 Ne5 16. Bxf6 Nxd3 17. Re3 Nf4 18. Rg3 Ng6 19. f4 gxf6 20. f5 Kh7 21. Qg4 Rg8 22. fxg6+ fxg6 23. Qf4 Qe7 24. Rf1 Rf8 25. Nc4 Bc7 26. Ne3 h5 27. Ne2 b5 28. Nf5 Bxf5 29. exf5 g5 30. Qf3 h4 31. Rg4 Rae8 32. Rf2 Qe3 33. axb5 Qxf3 34. gxf3 axb5 35. f4 Bd8 36. fxg5 fxg5 37. Nc3 Re5 38. Ne4 Rexf5 39. Rxf5 Rxf5 40. Nxd6 Rxd5 41. Nxb5 Bf6 42. Rg2 Rd1+ 43. Kf2 Rd2+ 44. Kf3 Rxg2 45. Kxg2 Bxb2 46. Nd6 Kg6 47. Kf3 Be5 48. Nc4 Bf4 49. Ke4 Kf6 50. Nb6 Ke6 51. Nd5 Kd6 52. Nf6 Kc6 53. Kd3 Kb5 54. Ne4 Kb4 55. Nc3 Kb3 56. Ne4 Kb4 57. Nc3 Be5 58. Nd5+ Kb3 59. Ne3 g4 60. hxg4 h3 61. Nf1 h2 62. Nxh2 Bxh2 63. Ke4 Bg1 64. g5 Bd4 0-1

[Event "Parana-chT 55th"]
[Site "Maringa"]
[Date "2012.09.24"]
[Round "1.2"]
[White "Nunes, Sidney Jr"]
[Black "Grellmann, Fabricio Stadler"]
[Result "0-1"]
[WhiteElo "1996"]
[BlackElo "2099"]
[PlyCount "40"]
[EventDate "2012.09.24"]
[EventType "team-swiss"]
[EventRounds "7"]
[EventCountry "BRA"]
[SourceTitle "EXT 2014"]
[Source "ChessBase"]
[SourceDate "2013.11.20"]
[SourceVersion "1"]
[SourceVersionDate "2013.11.20"]
[SourceQuality "1"]
[WhiteTeam "Foz do Iguacu"]
[BlackTeam "Cascavel"]
[WhiteTeamCountry "BRA"]
[BlackTeamCountry "BRA"]

1. e4 c5 2. Nf3 g6 3. d4 cxd4 4. Nxd4 Nc6 5. Nc3 Bg7 6. Be3 Nf6 7. Nxc6 bxc6 8. e5 Nd5 9. Nxd5 cxd5 10. Qxd5 Rb8 11. 0-0-0 Bb7 12. Qc5 Bc6 13. Rd2 0-0 14. f4 Qc7 15. c3 a5 16. Qxe7 Qb7 17. Qc5 Be4 18. Qa7 Qc6 19. Qxd7 Qxc3+ 20. Kd1 Qxe3 0-1

[Event "Maringa op"]
[Site "Maringa"]
[Date "2011.12.19"]
[Round "5"]
[White "Grellmann, Fabricio Stadler"]
[Black "Vieira, Gabriel Tortola Flo"]
[Result "1-0"]
[WhiteElo "2085"]
[BlackElo "2175"]
[PlyCount "83"]
[EventDate "2011.12.17"]
[EventType "swiss"]
[EventRounds "9"]
[EventCountry "BRA"]
[SourceTitle "CBM 146 Extra"]
[Source "ChessBase"]
[SourceDate "2012.02.29"]
[SourceVersion "1"]
[SourceVersionDate "2012.02.29"]
[SourceQuality "1"]

1. d4 e6 2. e4 d5 3. e5 c5 4. c3 Nc6 5. Nf3 Bd7 6. a3 c4 7. Be2 Na5 8. Nbd2 Qb6 9. 0-0 Nb3 10. Nxb3 Ba4 11. Qd2 Bxb3 12. Qg5 Ne7 13. Nd2 Bc2 14. Bh5 Ng6 15. Bd1 Be7 16. Qg3 Bd3 17. Ba4+ Kd8 18. Re1 Kc7 19. b3 Bc2 20. Ra2 cxb3 21. Bxb3 Bxb3 22. Rb2 Qc6 23. Rxb3 Rac8 24. Qd3 Kb8 25. Nf3 h6 26. Bd2 Rc7 27. Qc2 Nf8 28. a4 Nd7 29. a5 Qa6 30. Qb2 Ka8 31. Rb1 f6 32. exf6 gxf6 33. Bf4 e5 34. dxe5 fxe5 35. Nxe5 Rg8 36. Nf3 Rc4 37. Rxb7 Rxf4 38. Rxd7 Ba3 39. Qb3 Rc4 40. Rxd5 Rc7 41. Rb5 Qc8 42. Qd5+ 1-0

[Event "Parana-chT 54th"]
[Site "Parana"]
[Date "2011.11.17"]
[Round "4"]
[White "Cruz, William Ferreira Da"]
[Black "Grellmann, Fabricio Stadler"]
[Result "1/2-1/2"]
[WhiteElo "2152"]
[BlackElo "2085"]
[PlyCount "39"]
[EventDate "2011.11.14"]
[EventType "team-swiss"]
[EventRounds "7"]
[EventCountry "BRA"]
[SourceTitle "EXT 2013"]
[Source "ChessBase"]
[SourceDate "2012.11.22"]
[SourceVersion "1"]
[SourceVersionDate "2012.11.22"]
[SourceQuality "1"]
[WhiteTeam "Sao Jose dos Pinhais"]
[BlackTeam "Ponta Grossa"]
[WhiteTeamCountry "BRA"]
[BlackTeamCountry "BRA"]

1. d4 Nf6 2. c4 c5 3. d5 b5 4. cxb5 a6 5. b6 d6 6. a4 a5 7. Nc3 Nbd7 8. e4 Nxb6 9. Bb5+ Bd7 10. f4 g6 11. Nf3 Bxb5 12. axb5 Bg7 13. 0-0 0-0 14. f5 Ne8 15. fxg6 fxg6 16. Qe1 Nc7 17. Qh4 e6 18. Bg5 Qd7 19. dxe6 Nxe6 20. Bh6 1/2-1/2

[Event "Parana-chT 54th"]
[Site "Parana"]
[Date "2011.11.16"]
[Round "3"]
[White "Grellmann, Fabricio Stadler"]
[Black "Martins, Carlos"]
[Result "1-0"]
[WhiteElo "2085"]
[BlackElo "2257"]
[PlyCount "131"]
[EventDate "2011.11.14"]
[EventType "team-swiss"]
[EventRounds "7"]
[EventCountry "BRA"]
[SourceTitle "EXT 2013"]
[Source "ChessBase"]
[SourceDate "2012.11.22"]
[SourceVersion "1"]
[SourceVersionDate "2012.11.22"]
[SourceQuality "1"]
[WhiteTeam "Ponta Grossa"]
[BlackTeam "Campo Mourao"]
[WhiteTeamCountry "BRA"]
[BlackTeamCountry "BRA"]

1. d4 f5 2. Bg5 g6 3. Nc3 Bg7 4. e3 Nf6 5. Bd3 0-0 6. h4 h6 7. Bxf6 Rxf6 8. f4 h5 9. Nf3 b6 10. Bc4+ Kh8 11. Nd5 e6 12. Nxf6 Qxf6 13. Qe2 d5 14. Bd3 Bd7 15. Ne5 Be8 16. c4 a6 17. cxd5 exd5 18. Rc1 c6 19. g3 Bf8 20. 0-0 Ra7 21. Qd2 Qd6 22. Be2 Kg7 23. Rc2 Qe6 24. b4 Bd6 25. a4 b5 26. axb5 axb5 27. Nd3 Ra6 28. Kg2 Qe7 29. Ra2 Bd7 30. Rfa1 Bc8 31. Nc5 Bxc5 32. bxc5 Qc7 33. Ra5 Kf6 34. R1a3 Rxa5 35. Rxa5 Ba6 36. Qa2 Qb7 37. e4 fxe4 38. g4 Qc8 39. Kg3 hxg4 40. Bxg4 Qb7 41. h5 gxh5 42. Bxh5 b4 43. Qh2 Qg7+ 44. Bg4 Ke7 45. Qh4+ Ke8 46. Qh5+ Kd8 47. Qg5+ Qxg5 48. fxg5 b3 49. Ra4 Bc4 50. Bd1 Nd7 51. Kf4 Nf8 52. Ke5 Ng6+ 53. Kf6 Nf4 54. g6 Nxg6 55. Kxg6 e3 56. Rb4 Kc7 57. Kf6 e2 58. Bxe2 Bxe2 59. Rxb3 Bc4 60. Ra3 Bb5 61. Ke7 Bc4 62. Ra7+ Kb8 63. Rd7 Bb5 64. Kd6 Ba4 65. Rc7 Bb5 66. Rxc6 1-0

[Event "Curitiba-ch 3rd (IRT)"]
[Site "Curitiba"]
[Date "2011.04.02"]
[Round "3"]
[White "Grellmann, Fabricio Stadler"]
[Black "Aranha Filho, Alvaro Zimmermann"]
[Result "0-1"]
[WhiteElo "2094"]
[BlackElo "2285"]
[PlyCount "58"]
[EventDate "2011.04.01"]
[EventType "swiss"]
[EventRounds "6"]
[EventCountry "BRA"]
[SourceTitle "EXT 2022"]
[Source "ChessBase"]
[SourceDate "2021.10.06"]
[SourceVersion "1"]
[SourceVersionDate "2021.10.06"]
[SourceQuality "1"]

1. d4 d5 2. c4 Nc6 3. Nf3 Bg4 4. e3 e5 5. dxe5 dxc4 6. Qa4 Qd7 7. Bxc4 Bxf3 8. e6 fxe6 9. gxf3 0-0-0 10. Bd2 Nge7 11. Qb3 Nd5 12. e4 Nd4 13. Qd3 Nb4 14. Bxb4 Bxb4+ 15. Nc3 Qf7 16. 0-0-0 Nb3+ 17. Bxb3 Rxd3 18. Rxd3 Bxc3 19. bxc3 Rd8 20. Rhd1 Rxd3 21. Rxd3 Qf6 22. Kd1 e5 23. Ke2 c6 24. Kf1 Kc7 25. Kg2 b5 26. c4 bxc4 27. Bxc4 Qg5+ 28. Kh3 Qc1 29. Ba6 Kb6 0-1

[Event "Jogos op do Parana - Japs"]
[Site "Francisco Beltrao"]
[Date "2009.10.30"]
[Round "5.16"]
[White "Grellmann, Fabricio Stadler"]
[Black "De Araujo, Luiz Fernando"]
[Result "0-1"]
[WhiteElo "2134"]
[BlackElo "1793"]
[PlyCount "84"]
[EventDate "2009.10.27"]
[EventType "swiss"]
[EventRounds "7"]
[EventCountry "BRA"]
[SourceTitle "EXT 2022"]
[Source "ChessBase"]
[SourceDate "2021.10.06"]
[SourceVersion "1"]
[SourceVersionDate "2021.10.06"]
[SourceQuality "1"]

1. d4 c6 2. Nf3 d5 3. c4 Nf6 4. g3 e6 5. Bg2 Be7 6. 0-0 b6 7. Bf4 Nbd7 8. Qa4 Bb7 9. Nc3 0-0 10. cxd5 cxd5 11. Nb5 Bc6 12. Rfc1 Qc8 13. Rxc6 Qxc6 14. Rc1 Qb7 15. Rc7 Qb8 16. Rxd7 Qe8 17. Rxa7 Rxa7 18. Qxa7 Qxb5 19. Qxe7 Qxb2 20. Ng5 Ne8 21. Bf1 Qxd4 22. Nxh7 Kxh7 23. Qxf8 Nf6 24. Qxf7 e5 25. Be3 Qe4 26. Bxb6 d4 27. Bd8 Ng4 28. Qf3 Qg6 29. h3 Nh6 30. Qd3 e4 31. Qxd4 Qe6 32. Bg2 Qxa2 33. Bxe4+ Kh8 34. Bg5 Ng8 35. Bd5 Qa1+ 36. Kh2 Qxd4 37. Bg2 Qxf2 38. e4 Nf6 39. Bxf6 gxf6 40. h4 Kg7 41. Kh3 Kg6 42. g4 Kh6 0-1

[Event "Jogos op do Parana - Japs"]
[Site "Francisco Beltrao"]
[Date "2009.10.30"]
[Round "6.4"]
[White "Grellmann, Fabricio Stadler"]
[Black "Zini, Jhone Marcelo"]
[Result "0-1"]
[WhiteElo "2134"]
[BlackElo "2151"]
[PlyCount "60"]
[EventDate "2009.10.27"]
[EventType "swiss"]
[EventRounds "7"]
[EventCountry "BRA"]
[SourceTitle "EXT 2022"]
[Source "ChessBase"]
[SourceDate "2021.10.06"]
[SourceVersion "1"]
[SourceVersionDate "2021.10.06"]
[SourceQuality "1"]

1. d4 Nf6 2. c4 g6 3. Nc3 Bg7 4. e4 d6 5. f3 0-0 6. Be3 e5 7. Nge2 Nc6 8. d5 Ne7 9. Qd2 Ne8 10. g4 Kh8 11. Ng3 f5 12. gxf5 gxf5 13. Bg5 Nf6 14. exf5 Nxf5 15. Nh5 Qe8 16. Nxg7 Kxg7 17. Bd3 Nd4 18. 0-0-0 Kh8 19. Qg2 Nh5 20. Rhg1 Bf5 21. Bxf5 Nxf5 22. Ne4 h6 23. Qh3 Nf4 24. Bxf4 exf4 25. Rg5 Qf7 26. Rh5 Qg6 27. Rd2 Qg1+ 28. Kc2 Qg7 29. Rg2 Qxg2+ 30. Qxg2 Ne3+ 0-1

[Event "Cananeia I IRT Aberto Festa"]
[Site "Cananeia"]
[Date "2009.08.15"]
[Round "4"]
[White "Grellmann, Fabricio Stadler"]
[Black "Quintiliano Pinto, Renato Rodrigues"]
[Result "1/2-1/2"]
[WhiteElo "2120"]
[BlackElo "2059"]
[PlyCount "96"]
[EventDate "2009.08.15"]
[EventType "swiss"]
[EventRounds "6"]
[EventCountry "BRA"]
[SourceTitle "EXT 2022"]
[Source "ChessBase"]
[SourceDate "2021.10.06"]
[SourceVersion "1"]
[SourceVersionDate "2021.10.06"]
[SourceQuality "1"]

1. d4 d5 2. Bg5 Nf6 3. Bxf6 exf6 4. e3 c5 5. Nf3 Nc6 6. c3 Bd6 7. Be2 0-0 8. 0-0 Be6 9. Nbd2 Rc8 10. dxc5 Bxc5 11. Nb3 Bd6 12. Nbd4 Bb8 13. Qb3 Qe7 14. Rfd1 Rfd8 15. Rac1 Na5 16. Qb4 Qc7 17. Nb5 Qb6 18. Qd4 Qxd4 19. cxd4 a6 20. Nc3 b5 21. Ne1 Bd6 22. Nd3 Nc6 23. Bf3 Nb4 24. Ne1 Be7 25. a3 Nc6 26. b4 a5 27. Nxb5 axb4 28. axb4 Nxb4 29. Na7 Rb8 30. Nd3 Nxd3 31. Rxd3 Kf8 32. Nc6 Rbc8 33. Rdc3 Rd6 34. Rc5 Ra8 35. h3 Rd7 36. Nxe7 Kxe7 37. Rb1 f5 38. Rbb5 Rad8 39. g4 g6 40. Kg2 fxg4 41. hxg4 Kf6 42. Kg3 Ke7 43. g5 f5 44. Kf4 Kf8 45. Ke5 Re8 46. Ra5 Bg8+ 47. Kf4 Red8 48. Ke5 Re8+ 1/2-1/2

[Event "Parana-ch"]
[Site "Paranavai"]
[Date "2009.01.27"]
[Round "1"]
[White "Breitenbach, Joao"]
[Black "Grellmann, Fabricio Stadler"]
[Result "0-1"]
[WhiteElo "1785"]
[BlackElo "2120"]
[PlyCount "108"]
[EventDate "2009.01.27"]
[EventType "swiss"]
[EventRounds "9"]
[EventCountry "BRA"]
[SourceTitle "EXT 2012"]
[Source "ChessBase"]
[SourceDate "2011.11.24"]
[SourceVersion "1"]
[SourceVersionDate "2011.11.24"]
[SourceQuality "1"]

1. Nf3 c6 2. g3 d5 3. Bg2 Nf6 4. d3 e6 5. 0-0 Bd6 6. Nbd2 0-0 7. c4 Nbd7 8. a3 a5 9. Re1 b5 10. b3 Qb6 11. d4 c5 12. cxd5 Nxd5 13. Ne4 Be7 14. Bb2 Bb7 15. Rc1 Ne3 16. Qd3 Nxg2 17. Kxg2 Rfd8 18. dxc5 Qc6 19. Qc3 e5 20. Nd6 Bxd6 21. cxd6 Qxd6 22. Kg1 f6 23. Red1 Qb6 24. Qc7 Qxc7 25. Rxc7 Bxf3 26. exf3 Nf8 27. Rxd8 Rxd8 28. Bc3 Ne6 29. Re7 Ng5 30. Bxa5 Nxf3+ 31. Kg2 Rd3 32. Bb4 Rxb3 33. h4 h5 34. Kf1 Nd4 35. Rc7 Rb2 36. Rc8+ Kf7 37. Rc7+ Kg6 38. Rd7 Rb3 39. Bf8 Ne6 40. Bb4 Nd4 41. Bf8 Kf5 42. Rxg7 Ne6 43. Rg8 Nxf8 44. Rxf8 Rxa3 45. Rb8 Rb3 46. Rb6 Rb2 47. f3 b4 48. Kg1 b3 49. Kf1 Rb1+ 50. Kf2 b2 51. Kg2 Kg6 52. Rb7 f5 53. Rb6+ Kf7 54. Kh2 e4 0-1

[Event "Curitiba CXC 70 anos"]
[Site "Curitiba"]
[Date "2008.11.??"]
[Round "2"]
[White "Goles, Giovano"]
[Black "Grellmann, Fabricio Stadler"]
[Result "0-1"]
[WhiteElo "1935"]
[BlackElo "2134"]
[PlyCount "52"]
[EventDate "2008.11.??"]
[EventType "swiss"]
[EventRounds "6"]
[EventCountry "BRA"]
[SourceTitle "EXT 2022"]
[Source "ChessBase"]
[SourceDate "2021.10.06"]
[SourceVersion "1"]
[SourceVersionDate "2021.10.06"]
[SourceQuality "1"]

1. c4 c6 2. Nf3 d5 3. b3 Nf6 4. Bb2 Bf5 5. g3 e6 6. Bg2 Bd6 7. 0-0 Nbd7 8. d4 0-0 9. Ba3 Qe7 10. Bxd6 Qxd6 11. Nbd2 b5 12. a4 bxc4 13. bxc4 Rab8 14. Nh4 Bg4 15. h3 Bh5 16. g4 Bg6 17. Nxg6 hxg6 18. c5 Qc7 19. f4 Rb4 20. e3 Rfb8 21. Qc2 Qa5 22. Rfb1 Rxb1+ 23. Rxb1 Rxb1+ 24. Nxb1 Qe1+ 25. Bf1 Qxe3+ 26. Qf2 Qb3 0-1

[Event "Curitiba CXC 70 anos"]
[Site "Curitiba"]
[Date "2008.11.??"]
[Round "3"]
[White "Grellmann, Fabricio Stadler"]
[Black "Van Riemsdijk, Herman Claudius"]
[Result "1-0"]
[WhiteElo "2134"]
[BlackElo "2403"]
[PlyCount "87"]
[EventDate "2008.11.??"]
[EventType "swiss"]
[EventRounds "6"]
[EventCountry "BRA"]
[SourceTitle "EXT 2022"]
[Source "ChessBase"]
[SourceDate "2021.10.06"]
[SourceVersion "1"]
[SourceVersionDate "2021.10.06"]
[SourceQuality "1"]

1. d4 Nf6 2. c4 c5 3. d5 b5 4. cxb5 a6 5. bxa6 g6 6. Nc3 Bg7 7. g3 d6 8. Bg2 Bxa6 9. Nh3 Nbd7 10. 0-0 0-0 11. Qc2 Qa5 12. Bd2 Rfb8 13. Rab1 Ne8 14. Ng5 Nc7 15. Qe4 Re8 16. Qh4 Nf8 17. f4 Bxe2 18. f5 f6 19. fxg6 hxg6 20. Ne6 Ncxe6 21. dxe6 Bd3 22. Bxa8 Qxa8 23. Rbe1 Bxf1 24. Kxf1 d5 25. Qa4 d4 26. Qxa8 Rxa8 27. Nd5 Ra6 28. Nxe7+ Kh7 29. Nc6 Nxe6 30. Rxe6 Rxa2 31. Bc1 Ra1 32. Re1 f5 33. Bd2 Ra2 34. Rb1 d3 35. Be3 Ra6 36. Nb8 Re6 37. Bxc5 Re2 38. Bf2 Bxb2 39. Rd1 g5 40. Rxd3 Re4 41. Rd5 Kg6 42. Nd7 g4 43. Nc5 Rc4 44. Nd3 1-0

[Event "Sao Paulo op da Amizade"]
[Site "Sao Paulo"]
[Date "2008.08.28"]
[Round "6.17"]
[White "Grellmann, Fabricio Stadler"]
[Black "Cominato Neto, Jose Luis"]
[Result "1-0"]
[WhiteElo "2134"]
[BlackElo "2168"]
[PlyCount "71"]
[EventDate "2008.08.23"]
[EventType "swiss"]
[EventRounds "9"]
[EventCountry "BRA"]
[SourceTitle "EXT 2022"]
[Source "ChessBase"]
[SourceDate "2021.10.06"]
[SourceVersion "1"]
[SourceVersionDate "2021.10.06"]
[SourceQuality "1"]

1. d4 Nf6 2. c4 g6 3. Nc3 d5 4. Nf3 Bg7 5. Bg5 Ne4 6. cxd5 Nxg5 7. Nxg5 e6 8. Qd2 exd5 9. Qe3+ Kf8 10. Qf4 Bf6 11. h4 Kg7 12. e3 h6 13. Nf3 c5 14. Be2 cxd4 15. Nxd4 Nc6 16. Nf3 Qa5 17. 0-0 Bxc3 18. bxc3 Qxc3 19. Rac1 Qf6 20. Qc7 Re8 21. Rfd1 Re7 22. Qg3 Be6 23. h5 Rc8 24. hxg6 fxg6 25. Bd3 Rf7 26. Nh4 Ne5 27. Rxc8 Bxc8 28. Bc2 Be6 29. f4 Ng4 30. Bxg6 Re7 31. f5 Ne5 32. Bh5+ Kh8 33. Qxe5 Qxe5 34. Ng6+ Kg7 35. Nxe5 Kf6 36. Ng6 1-0